Statistics for Premier League 2016-17 Logos

Click here to take the quiz!

General Stats

  • This quiz has been taken 10,502 times
  • The average score is 17 of 20

Answer Stats

CrestTeam% Correct
Arsenal FC
94%
Watford FC
94%
Chelsea FC
90%
West Ham United FC
90%
Tottenham Hotspur FC
89%
Everton FC
88%
Manchester City FC
88%
Manchester United FC
88%
Leicester City FC
87%
Liverpool FC
87%
Swansea City AFC
87%
Crystal Palace FC
86%
Southampton FC
84%
West Bromwich Albion FC
81%
Hull City
80%
Stoke City FC
80%
AFC Bournemouth
79%
Burnley FC
79%
Sunderland AFC
76%
Middlesbrough FC
70%

Score Distribution

Percentile by Number Answered

Percent of People with Each Score

Your Score History

You have not taken this quiz